000 00277nam a22001337a 4500
008 170714b xxu||||| |||| 00| 0 eng d
020 _a9780521347624
041 _aeng
080 _a101
100 _a24
101 _afil
245 _aARTISTOTLE
_cLEAR, J
942 _2udc
_cBK
999 _c20866
_d20866